000 00562nam a2200181Ia 4500
008 090201s9999 xx 000 0 und d
010 _aKPL-66555
040 _bमराठी
041 _aमराठी
082 _a43076
_b66555
100 _aमंदाकिनी अष्टीकर
245 _aहळवे सूर
_cमंदाकिनी अष्टीकर
250 _a1
260 _c2005
_bनिशिगंधा प्रकाशन
300 _a183
_bमोठा
600 _aहळवे सूर
942 _cBOOK
999 _c240125
_d240125